{"text_format":"3","workbook":"xlsx","n_sheets":4,"sheets":["Chart1","Sheet1","DETAILED ESTIMATE","Sheet2"],"not_rendered":{"charts":2,"images":1,"defined_names":1},"unopened":[{"sheet":"Chart1","index":0,"reason":"not_a_worksheet"}],"read":"whole","date_system":"1900"}

{"sheet":"Sheet1","index":1,"n_rows":0,"n_cols":0,"rows_kept":0,"hidden":true}

{"sheet":"DETAILED ESTIMATE","index":2,"n_rows":185,"n_cols":14,"rows_kept":185,"merged":[[0,7,0,13],[1,6,2,6],[1,7,2,13],[3,11,3,13],[183,1,183,13],[184,1,184,13]]}
["Nexa Estimating, LLC",{"$nulls":5},"PROJECT :"]
[{"$nulls":6},"ADDRESS : "]
["5900 Balcones Drive # 14421 St 100 Austin, TX, 78731"]
[{"$nulls":6},"DATE :"]
["SR #",null,"DESCRIPTION","QTY.","WASTAGE","QTY WITH\nWASTAGE","UNIT OF\nMEASURMENT","Unit Labor Cost"," Total Labor Cost","Unit Material Cost","Total Material Cost","UNIT TOTAL COST","TOTAL ITEM\nCOST","TOTAL TRADE\nCOST"]
[]
[{"$f":"IF(F7<>\"\",1+MAX($A$6:A6),\"\")","v":""},"DIV.26","ELECTRICAL",{"$nulls":10},{"$f":"SUM(M8:M176)","v":{"v":170821.91432621997,"d":"$170,822"}}]
[]
[{"$f":"IF(F9<>\"\",1+MAX($A$6:A8),\"\")","v":""},null,"RACEWAYS, FITTING & BOXES"]
[]
[{"$f":"IF(F11<>\"\",1+MAX($A$6:A10),\"\")","v":1},null,"1\" C",38.191,{"v":0.1,"d":"10%"},{"$f":"D11*(1+E11)","v":{"v":42.01010000000001,"d":"42"}},"LF",{"v":0.56,"d":"$0.56"},{"$f":"H11*F11","v":{"v":23.52565600000001,"d":"$23.53"}},{"v":1.42,"d":"$1.42"},{"$f":"J11*F11","v":{"v":59.65434200000001,"d":"$59.65"}},{"v":1.98,"d":"$1.98"},{"$f":"L11*F11","v":{"v":83.17999800000001,"d":"$83"}}]
[{"$f":"IF(F12<>\"\",1+MAX($A$6:A11),\"\")","v":2},null,"0.75\" C",7.442,{"v":0.1,"d":"10%"},{"v":8.186200000000001,"d":"8"},"LF",{"v":0.56,"d":"$0.56"},{"v":4.584272000000001,"d":"$4.58"},{"v":1.22,"d":"$1.22"},{"v":9.987164000000002,"d":"$9.99"},{"v":1.78,"d":"$1.78"},{"v":14.571436000000002,"d":"$15"}]
[{"$f":"IF(F13<>\"\",1+MAX($A$6:A12),\"\")","v":3},null,"(3) 1.5\" PVC SCH 40/P-RMC",208.76600000000002,{"v":0.1,"d":"10%"},{"v":229.64260000000004,"d":"230"},"LF",{"v":1.12,"d":"$1.12"},{"v":257.1997120000001,"d":"$257.20"},{"v":1.7599999999999998,"d":"$1.76"},{"v":404.17097600000005,"d":"$404.17"},{"v":2.88,"d":"$2.88"},{"v":661.3706880000001,"d":"$661"}]
[{"$f":"IF(F14<>\"\",1+MAX($A$6:A13),\"\")","v":4},null,"1.5\" PVC SCH 40/P-RMC",1062,{"v":0.1,"d":"10%"},{"v":1168.2,"d":"1168"},"LF",{"v":0.34,"d":"$0.34"},{"v":397.18800000000005,"d":"$397.19"},{"v":0.55,"d":"$0.55"},{"v":642.5100000000001,"d":"$642.51"},{"v":0.89,"d":"$0.89"},{"v":1039.698,"d":"$1,040"}]
[{"$f":"IF(F15<>\"\",1+MAX($A$6:A14),\"\")","v":5},null,"1\" PVC SCH 40/P-RMC",530.903,{"v":0.1,"d":"10%"},{"v":583.9933000000001,"d":"584"},"LF",{"v":0.26,"d":"$0.26"},{"v":151.83825800000002,"d":"$151.84"},{"v":0.5,"d":"$0.50"},{"v":291.99665000000005,"d":"$292.00"},{"v":0.76,"d":"$0.76"},{"v":443.8349080000001,"d":"$444"}]
[{"$f":"IF(F16<>\"\",1+MAX($A$6:A15),\"\")","v":6},null,"1\" P-RMC",142.916,{"v":0.1,"d":"10%"},{"v":157.2076,"d":"157"},"LF",{"v":0.26,"d":"$0.26"},{"v":40.873976000000006,"d":"$40.87"},{"v":0.5,"d":"$0.50"},{"v":78.6038,"d":"$78.60"},{"v":0.76,"d":"$0.76"},{"v":119.477776,"d":"$119"}]
[{"$f":"IF(F17<>\"\",1+MAX($A$6:A16),\"\")","v":7},null,"0.75\" PVC SCH 40",33.226,{"v":0.1,"d":"10%"},{"v":36.5486,"d":"37"},"LF",{"v":0.32,"d":"$0.32"},{"v":11.695552000000001,"d":"$11.70"},{"v":0.35000000000000003,"d":"$0.35"},{"v":12.792010000000001,"d":"$12.79"},{"v":0.67,"d":"$0.67"},{"v":24.487562,"d":"$24"}]
[{"$f":"IF(F18<>\"\",1+MAX($A$6:A17),\"\")","v":8},null,"(8) 4\" PVC SCH 40",128.941,{"v":0.1,"d":"10%"},{"v":141.8351,"d":"142"},"LF",{"v":6.5,"d":"$6.50"},{"v":921.9281500000001,"d":"$921.93"},{"v":12.280000000000001,"d":"$12.28"},{"v":1741.7350280000003,"d":"$1,741.74"},{"v":18.78,"d":"$18.78"},{"v":2663.6631780000002,"d":"$2,664"}]
[{"$f":"IF(F19<>\"\",1+MAX($A$6:A18),\"\")","v":9},null,"(2) 1.5\" PVC SCH 40",87.51599999999999,{"v":0.1,"d":"10%"},{"v":96.2676,"d":"96"},"LF",{"v":0.65,"d":"$0.65"},{"v":62.57394,"d":"$62.57"},{"v":1.2200000000000002,"d":"$1.22"},{"v":117.44647200000001,"d":"$117.45"},{"v":1.87,"d":"$1.87"},{"v":180.02041200000002,"d":"$180"}]
[{"$f":"IF(F20<>\"\",1+MAX($A$6:A19),\"\")","v":10},null,"1.5\" PVC SCH 40",21.878,{"v":0.1,"d":"10%"},{"v":24.065800000000003,"d":"24"},"LF",{"v":0.47,"d":"$0.47"},{"v":11.310926,"d":"$11.31"},{"v":0.43000000000000005,"d":"$0.43"},{"v":10.348294000000003,"d":"$10.35"},{"v":0.9,"d":"$0.90"},{"v":21.659220000000005,"d":"$22"}]
[{"$f":"IF(F21<>\"\",1+MAX($A$6:A20),\"\")","v":11},null,"(2) 2\" PVC SCH 40/P-RMC",1223,{"v":0.1,"d":"10%"},{"v":1345.3000000000002,"d":"1345"},"LF",{"v":1.54,"d":"$1.54"},{"v":2071.762,"d":"$2,071.76"},{"v":1.7999999999999998,"d":"$1.80"},{"v":2421.54,"d":"$2,421.54"},{"v":3.34,"d":"$3.34"},{"v":4493.302000000001,"d":"$4,493"}]
[{"$f":"IF(F22<>\"\",1+MAX($A$6:A21),\"\")","v":12},null,"(2) 1.5\" EMT/PVC SCH 40/ P-RMC",232.965,{"v":0.1,"d":"10%"},{"v":256.2615,"d":"256"},"LF",{"v":1.23,"d":"$1.23"},{"v":315.201645,"d":"$315.20"},{"v":1.4500000000000002,"d":"$1.45"},{"v":371.5791750000001,"d":"$371.58"},{"v":2.68,"d":"$2.68"},{"v":686.7808200000001,"d":"$687"}]
[{"$f":"IF(F23<>\"\",1+MAX($A$6:A22),\"\")","v":13},null,"1\" EMT/PVC SCH 40/ P-RMC",347.54699999999997,{"v":0.1,"d":"10%"},{"v":382.3017,"d":"382"},"LF",{"v":0.89,"d":"$0.89"},{"v":340.248513,"d":"$340.25"},{"v":0.7599999999999999,"d":"$0.76"},{"v":290.5492919999999,"d":"$290.55"},{"v":1.65,"d":"$1.65"},{"v":630.7978049999999,"d":"$631"}]
[{"$f":"IF(F24<>\"\",1+MAX($A$6:A23),\"\")","v":14},null,"1\" EMT/PVC SCH 40/ P-RMC",75.36200000000001,{"v":0.1,"d":"10%"},{"v":82.89820000000002,"d":"83"},"LF",{"v":0.89,"d":"$0.89"},{"v":73.77939800000001,"d":"$73.78"},{"v":0.7599999999999999,"d":"$0.76"},{"v":63.002632000000006,"d":"$63.00"},{"v":1.65,"d":"$1.65"},{"v":136.78203000000002,"d":"$137"}]
[{"$f":"IF(F25<>\"\",1+MAX($A$6:A24),\"\")","v":15},null,"1.25\" PVC SCH 40/ RMC",109.695,{"v":0.1,"d":"10%"},{"v":120.6645,"d":"121"},"LF",{"v":0.72,"d":"$0.72"},{"v":86.87844,"d":"$86.88"},{"v":1.08,"d":"$1.08"},{"v":130.31766000000002,"d":"$130.32"},{"v":1.8,"d":"$1.80"},{"v":217.1961,"d":"$217"}]
[{"$f":"IF(F26<>\"\",1+MAX($A$6:A25),\"\")","v":16},null,"0.75\" PVC SCH 40/ RMC",266.4,{"v":0.1,"d":"10%"},{"v":293.04,"d":"293"},"LF",{"v":0.32,"d":"$0.32"},{"v":93.7728,"d":"$93.77"},{"v":0.55,"d":"$0.55"},{"v":161.17200000000003,"d":"$161.17"},{"v":0.87,"d":"$0.87"},{"v":254.94480000000001,"d":"$255"}]
[{"$f":"IF(F27<>\"\",1+MAX($A$6:A26),\"\")","v":17},null,"1\" PVC SCH 40/ RMC",313,{"v":0.1,"d":"10%"},{"v":344.3,"d":"344"},"LF",{"v":0.89,"d":"$0.89"},{"v":306.427,"d":"$306.43"},{"v":0.7599999999999999,"d":"$0.76"},{"v":261.66799999999995,"d":"$261.67"},{"v":1.65,"d":"$1.65"},{"v":568.095,"d":"$568"}]
[{"$f":"IF(F28<>\"\",1+MAX($A$6:A27),\"\")","v":18},null,"2\" PVC SCH 40",40.769000000000005,{"v":0.1,"d":"10%"},{"v":44.84590000000001,"d":"45"},"LF",{"v":1.11,"d":"$1.11"},{"v":49.77894900000001,"d":"$49.78"},{"v":1.2299999999999998,"d":"$1.23"},{"v":55.160457,"d":"$55.16"},{"v":2.34,"d":"$2.34"},{"v":104.939406,"d":"$105"}]
[{"$f":"IF(F29<>\"\",1+MAX($A$6:A28),\"\")","v":19},null,"1\" PVC SCH 40",253,{"v":0.1,"d":"10%"},{"v":278.3,"d":"278"},"LF",{"v":1.02,"d":"$1.02"},{"v":283.86600000000004,"d":"$283.87"},{"v":0.56,"d":"$0.56"},{"v":155.848,"d":"$155.85"},{"v":1.58,"d":"$1.58"},{"v":439.71400000000006,"d":"$440"}]
[{"$f":"IF(F30<>\"\",1+MAX($A$6:A29),\"\")","v":20},null,"1.5\" PVC SCH 40",15.066,{"v":0.1,"d":"10%"},{"v":16.5726,"d":"17"},"LF",{"v":1.15,"d":"$1.15"},{"v":19.05849,"d":"$19.06"},{"v":0.9500000000000002,"d":"$0.95"},{"v":15.743970000000004,"d":"$15.74"},{"v":2.1,"d":"$2.10"},{"v":34.80246,"d":"$35"}]
[{"$f":"IF(F31<>\"\",1+MAX($A$6:A30),\"\")","v":21},null,"(2) 4\" PVC SCH 40",486.015,{"v":0.1,"d":"10%"},{"v":534.6165,"d":"535"},"LF",{"v":2.21,"d":"$2.21"},{"v":1181.502465,"d":"$1,181.50"},{"v":2.4699999999999998,"d":"$2.47"},{"v":1320.5027549999998,"d":"$1,320.50"},{"v":4.68,"d":"$4.68"},{"v":2502.0052199999996,"d":"$2,502"}]
[{"$f":"IF(F32<>\"\",1+MAX($A$6:A31),\"\")","v":22},null,"4\" PVC SCH 40",793.018,{"v":0.1,"d":"10%"},{"v":872.3198000000001,"d":"872"},"LF",{"v":1.21,"d":"$1.21"},{"v":1055.5069580000002,"d":"$1,055.51"},{"v":1.13,"d":"$1.13"},{"v":985.721374,"d":"$985.72"},{"v":2.34,"d":"$2.34"},{"v":2041.2283320000001,"d":"$2,041"}]
[{"$f":"IF(F33<>\"\",1+MAX($A$6:A32),\"\")","v":23},null,"(4) 4\" PVC SCH 40",57.766,{"v":0.1,"d":"10%"},{"v":63.5426,"d":"64"},"LF",{"v":4.35,"d":"$4.35"},{"v":276.41031,"d":"$276.41"},{"v":5.01,"d":"$5.01"},{"v":318.34842599999996,"d":"$318.35"},{"v":9.36,"d":"$9.36"},{"v":594.758736,"d":"$595"}]
[{"$f":"IF(F34<>\"\",1+MAX($A$6:A33),\"\")","v":24},null,"0.75\" PVC SCH 40/ P-RMC",83.953,{"v":0.1,"d":"10%"},{"v":92.34830000000001,"d":"92"},"LF",{"v":0.24,"d":"$0.24"},{"v":22.163592,"d":"$22.16"},{"v":0.7,"d":"$0.70"},{"v":64.64381,"d":"$64.64"},{"v":0.94,"d":"$0.94"},{"v":86.80740200000001,"d":"$87"}]
[{"$f":"IF(F35<>\"\",1+MAX($A$6:A34),\"\")","v":25},null,"0.75\" EMT/ PVC SCH 40/ P-RMC",235.787,{"v":0.1,"d":"10%"},{"v":259.3657,"d":"259"},"LF",{"v":0.54,"d":"$0.54"},{"v":140.057478,"d":"$140.06"},{"v":0.6799999999999999,"d":"$0.68"},{"v":176.368676,"d":"$176.37"},{"v":1.22,"d":"$1.22"},{"v":316.426154,"d":"$316"}]
[{"$f":"IF(F36<>\"\",1+MAX($A$6:A35),\"\")","v":26},null,"1\" PVC SCH 40/ P-RMC",1923,{"v":0.1,"d":"10%"},{"v":2115.3,"d":"2115"},"LF",{"v":0.82,"d":"$0.82"},{"v":1734.546,"d":"$1,734.55"},{"v":0.87,"d":"$0.87"},{"v":1840.3110000000001,"d":"$1,840.31"},{"v":1.69,"d":"$1.69"},{"v":3574.857,"d":"$3,575"}]
[{"$f":"IF(F37<>\"\",1+MAX($A$6:A36),\"\")","v":27},null,"2\" RMC",5.243,{"v":0.1,"d":"10%"},{"v":5.7673000000000005,"d":"6"},"LF",{"v":0.85,"d":"$0.85"},{"v":4.902205,"d":"$4.90"},{"v":0.4700000000000001,"d":"$0.47"},{"v":2.7106310000000007,"d":"$2.71"},{"v":1.32,"d":"$1.32"},{"v":7.6128360000000015,"d":"$8"}]
[{"$f":"IF(F38<>\"\",1+MAX($A$6:A37),\"\")","v":28},null,"0.75\" RMC",11,{"v":0.1,"d":"10%"},{"v":12.100000000000001,"d":"12"},"LF",{"v":0.23,"d":"$0.23"},{"v":2.7830000000000004,"d":"$2.78"},{"v":0.45000000000000007,"d":"$0.45"},{"v":5.445000000000001,"d":"$5.45"},{"v":0.68,"d":"$0.68"},{"v":8.228000000000002,"d":"$8"}]
[{"$f":"IF(F39<>\"\",1+MAX($A$6:A38),\"\")","v":29},null,"2\" P-RMC",30,{"v":0.1,"d":"10%"},33,"LF",{"v":0.85,"d":"$0.85"},{"v":28.05,"d":"$28.05"},{"v":0.9800000000000001,"d":"$0.98"},{"v":32.34,"d":"$32.34"},{"v":1.83,"d":"$1.83"},{"v":60.39,"d":"$60"}]
[{"$f":"IF(F40<>\"\",1+MAX($A$6:A39),\"\")","v":30},null,"(3) 1.25\" P-RMC",140,{"v":0.1,"d":"10%"},154,"LF",{"v":2.43,"d":"$2.43"},{"v":374.22,"d":"$374.22"},{"v":3.36,"d":"$3.36"},{"v":517.4399999999999,"d":"$517.44"},{"v":5.79,"d":"$5.79"},{"v":891.66,"d":"$892"}]
[{"$f":"IF(F41<>\"\",1+MAX($A$6:A40),\"\")","v":31},null,"0.75\" P-RMC",237,{"v":0.1,"d":"10%"},{"v":260.70000000000005,"d":"261"},"LF",{"v":0.34,"d":"$0.34"},{"v":88.63800000000002,"d":"$88.64"},{"v":0.44,"d":"$0.44"},{"v":114.70800000000003,"d":"$114.71"},{"v":0.78,"d":"$0.78"},{"v":203.34600000000003,"d":"$203"}]
[{"$f":"IF(F42<>\"\",1+MAX($A$6:A41),\"\")","v":32},null,"0.75\" RMC",80.747,{"v":0.1,"d":"10%"},{"v":88.8217,"d":"89"},"LF",{"v":0.34,"d":"$0.34"},{"v":30.199378000000003,"d":"$30.20"},{"v":0.34,"d":"$0.34"},{"v":30.199378000000003,"d":"$30.20"},{"v":0.68,"d":"$0.68"},{"v":60.398756000000006,"d":"$60"}]
[{"$f":"IF(F43<>\"\",1+MAX($A$6:A42),\"\")","v":33},null,"1.25\" RMC",64.774,{"v":0.1,"d":"10%"},{"v":71.2514,"d":"71"},"LF",{"v":0.65,"d":"$0.65"},{"v":46.313410000000005,"d":"$46.31"},{"v":1.2930000000000001,"d":"$1.29"},{"v":92.12806020000002,"d":"$92.13"},{"v":1.943,"d":"$1.94"},{"v":138.4414702,"d":"$138"}]
[{"$f":"IF(F44<>\"\",1+MAX($A$6:A43),\"\")","v":34},null,"1\" RMC",10.288,{"v":0.1,"d":"10%"},{"v":11.3168,"d":"11"},"LF",{"v":0.82,"d":"$0.82"},{"v":9.279776,"d":"$9.28"},{"v":0.6,"d":"$0.60"},{"v":6.790080000000001,"d":"$6.79"},{"v":1.42,"d":"$1.42"},{"v":16.069856,"d":"$16"}]
[{"$f":"IF(F45<>\"\",1+MAX($A$6:A44),\"\")","v":35},null,"P-RMC",7.591,{"v":0.1,"d":"10%"},{"v":8.350100000000001,"d":"8"},"LF",{"v":0.48,"d":"$0.48"},{"v":4.0080480000000005,"d":"$4.01"},{"v":0.75,"d":"$0.75"},{"v":6.262575000000001,"d":"$6.26"},{"v":1.23,"d":"$1.23"},{"v":10.270623,"d":"$10"}]
[]
[null,null,"BOXES & FITTINGS"]
[{"$f":"IF(F48<>\"\",1+MAX($A$6:A47),\"\")","v":""}]
[{"$f":"IF(F49<>\"\",1+MAX($A$6:A48),\"\")","v":36},null,"J- BOX ",7,{"v":0,"d":"0%"},{"$f":"D49*(1+E49)","v":7},"EA",{"v":220,"d":"$220.00"},{"$f":"H49*F49","v":{"v":1540,"d":"$1,540.00"}},{"v":203.39999999999998,"d":"$203.40"},{"$f":"J49*F49","v":{"v":1423.7999999999997,"d":"$1,423.80"}},{"v":423.4,"d":"$423.40"},{"$f":"L49*F49","v":{"v":2963.7999999999997,"d":"$2,964"}}]
[{"$f":"IF(F50<>\"\",1+MAX($A$6:A49),\"\")","v":37},null,"J- BOXES MOUNTED ON PIPING VAULT WALL",4,{"v":0,"d":"0%"},4,"EA",{"v":220,"d":"$220.00"},{"v":880,"d":"$880.00"},{"v":239.39999999999998,"d":"$239.40"},{"v":957.5999999999999,"d":"$957.60"},{"v":459.4,"d":"$459.40"},{"v":1837.6,"d":"$1,838"}]
[{"$f":"IF(F51<>\"\",1+MAX($A$6:A50),\"\")","v":38},null,"COM J-BOX ",6,{"v":0,"d":"0%"},6,"EA",{"v":220,"d":"$220.00"},{"v":1320,"d":"$1,320.00"},{"v":210.39999999999998,"d":"$210.40"},{"v":1262.3999999999999,"d":"$1,262.40"},{"v":430.4,"d":"$430.40"},{"v":2582.3999999999996,"d":"$2,582"}]
[{"$f":"IF(F52<>\"\",1+MAX($A$6:A51),\"\")","v":39},null,"J-BOX 280V",3,{"v":0,"d":"0%"},3,"EA",{"v":220,"d":"$220.00"},{"v":660,"d":"$660.00"},{"v":232.3,"d":"$232.30"},{"v":696.9000000000001,"d":"$696.90"},{"v":452.3,"d":"$452.30"},{"v":1356.9,"d":"$1,357"}]
[{"$f":"IF(F53<>\"\",1+MAX($A$6:A52),\"\")","v":40},null,"J-BOX 480V",2,{"v":0,"d":"0%"},2,"EA",{"v":220,"d":"$220.00"},{"v":440,"d":"$440.00"},{"v":232.3,"d":"$232.30"},{"v":464.6,"d":"$464.60"},{"v":452.3,"d":"$452.30"},{"v":904.6,"d":"$905"}]
[{"$f":"IF(F54<>\"\",1+MAX($A$6:A53),\"\")","v":41},null,"J-BOX FOR EMS CONTROL",6,{"v":0,"d":"0%"},6,"EA",{"v":220,"d":"$220.00"},{"v":1320,"d":"$1,320.00"},{"v":232.3,"d":"$232.30"},{"v":1393.8000000000002,"d":"$1,393.80"},{"v":452.3,"d":"$452.30"},{"v":2713.8,"d":"$2,714"}]
[{"$f":"IF(F55<>\"\",1+MAX($A$6:A54),\"\")","v":42},null,"LONG PULL BOXES 48\" LONG X 8\" X 8\"",2,{"v":0,"d":"0%"},2,"EA",{"v":220,"d":"$220.00"},{"v":440,"d":"$440.00"},{"v":214.39999999999998,"d":"$214.40"},{"v":428.79999999999995,"d":"$428.80"},{"v":434.4,"d":"$434.40"},{"v":868.8,"d":"$869"}]
[{"$f":"IF(F56<>\"\",1+MAX($A$6:A55),\"\")","v":43},null,"PULL BOX 15A-HPB1, 48\" X 16\"",1,{"v":0,"d":"0%"},1,"EA",{"v":220,"d":"$220.00"},{"v":220,"d":"$220.00"},{"v":236,"d":"$236.00"},{"v":236,"d":"$236.00"},{"v":456,"d":"$456.00"},{"v":456,"d":"$456"}]
[{"$f":"IF(F57<>\"\",1+MAX($A$6:A56),\"\")","v":44},null,"RAIN DIVERTER VALVE J- BOX",1,{"v":0,"d":"0%"},1,"EA",{"v":220,"d":"$220.00"},{"v":220,"d":"$220.00"},{"v":169.5,"d":"$169.50"},{"v":169.5,"d":"$169.50"},{"v":389.5,"d":"$389.50"},{"v":389.5,"d":"$390"}]
[{"$f":"IF(F58<>\"\",1+MAX($A$6:A57),\"\")","v":45},null,"TELECOM BOX ",1,{"v":0,"d":"0%"},1,"EA",{"v":220,"d":"$220.00"},{"v":220,"d":"$220.00"},{"v":200,"d":"$200.00"},{"v":200,"d":"$200.00"},{"v":420,"d":"$420.00"},{"v":420,"d":"$420"}]
[{"$f":"IF(F59<>\"\",1+MAX($A$6:A58),\"\")","v":46},null,"UNDERGROUND PULL BOX",1,{"v":0,"d":"0%"},1,"EA",{"v":220,"d":"$220.00"},{"v":220,"d":"$220.00"},{"v":239.3,"d":"$239.30"},{"v":239.3,"d":"$239.30"},{"v":459.3,"d":"$459.30"},{"v":459.3,"d":"$459"}]
[{"$f":"IF(F60<>\"\",1+MAX($A$6:A59),\"\")","v":47},null,"UNDERGROUND PULL BOX, 480 V ",1,{"v":0,"d":"0%"},1,"EA",{"v":220,"d":"$220.00"},{"v":220,"d":"$220.00"},{"v":239.3,"d":"$239.30"},{"v":239.3,"d":"$239.30"},{"v":459.3,"d":"$459.30"},{"v":459.3,"d":"$459"}]
[{"$f":"IF(F61<>\"\",1+MAX($A$6:A60),\"\")","v":48},null,"ALLOWANCE FOR FITTINGS",1,{"v":0,"d":"0%"},1,"LS",{"$nulls":4},{"v":3000,"d":"$3,000.00"},{"v":3000,"d":"$3,000"}]
[]
[null,null,"WIRES & CABLES"]
[{"$f":"IF(F64<>\"\",1+MAX($A$6:A63),\"\")","v":""}]
[{"$f":"IF(F65<>\"\",1+MAX($A$6:A64),\"\")","v":49},null,"3-500kcmil, PHASE CABLE",695,{"v":0.1,"d":"10%"},{"$f":"D65*(1+E65)","v":{"v":764.5000000000001,"d":"765"}},"LF",{"v":0.45,"d":"$0.450"},{"$f":"H65*F65","v":{"v":344.02500000000003,"d":"$344.03"}},{"v":0.595,"d":"$0.595"},{"$f":"J65*F65","v":{"v":454.87750000000005,"d":"$454.88"}},{"v":1.045,"d":"$1.045"},{"$f":"L65*F65","v":{"v":798.9025,"d":"$799"}}]
[{"$f":"IF(F66<>\"\",1+MAX($A$6:A65),\"\")","v":50},null,"3-250kcmil, PHASE CABLE",75.949,{"v":0.1,"d":"10%"},{"v":83.54390000000001,"d":"84"},"LF",{"v":0.45,"d":"$0.450"},{"v":37.594755000000006,"d":"$37.59"},{"v":0.5169999999999999,"d":"$0.517"},{"v":43.1921963,"d":"$43.19"},{"v":0.967,"d":"$0.967"},{"v":80.7869513,"d":"$81"}]
[{"$f":"IF(F67<>\"\",1+MAX($A$6:A66),\"\")","v":51},null,"(7) 3-500kcmil, PHASE CABLE",128.941,{"v":0.1,"d":"10%"},{"v":141.8351,"d":"142"},"LF",{"v":3.34,"d":"$3.340"},{"v":473.729234,"d":"$473.73"},{"v":4.01,"d":"$4.010"},{"v":568.758751,"d":"$568.76"},{"v":7.35,"d":"$7.350"},{"v":1042.487985,"d":"$1,042"}]
[{"$f":"IF(F68<>\"\",1+MAX($A$6:A67),\"\")","v":52},null,"(4) 3-500kcmil, PHASE CABLE",57.766,{"v":0.1,"d":"10%"},{"v":63.5426,"d":"64"},"LF",{"v":1.34,"d":"$1.340"},{"v":85.147084,"d":"$85.15"},{"v":2.8900000000000006,"d":"$2.890"},{"v":183.63811400000003,"d":"$183.64"},{"v":4.23,"d":"$4.230"},{"v":268.78519800000004,"d":"$269"}]
[{"$f":"IF(F69<>\"\",1+MAX($A$6:A68),\"\")","v":53},null,"4-#1, PHASE CABLE",142,{"v":0.1,"d":"10%"},{"v":156.20000000000002,"d":"156"},"LF",{"v":0.45,"d":"$0.450"},{"v":70.29,"d":"$70.29"},{"v":0.5820000000000001,"d":"$0.582"},{"v":90.90840000000001,"d":"$90.91"},{"v":1.032,"d":"$1.032"},{"v":161.19840000000002,"d":"$161"}]
[{"$f":"IF(F70<>\"\",1+MAX($A$6:A69),\"\")","v":54},null,"3-#1/0, PHASE CABLE",46,{"v":0.1,"d":"10%"},{"v":50.6,"d":"51"},"LF",{"v":0.45,"d":"$0.450"},{"v":22.77,"d":"$22.77"},{"v":0.5780000000000001,"d":"$0.578"},{"v":29.246800000000004,"d":"$29.25"},{"v":1.028,"d":"$1.028"},{"v":52.0168,"d":"$52"}]
[{"$f":"IF(F71<>\"\",1+MAX($A$6:A70),\"\")","v":55},null,"3-#2, PHASE CABLE",342,{"v":0.1,"d":"10%"},{"v":376.20000000000005,"d":"376"},"LF",{"v":0.45,"d":"$0.450"},{"v":169.29000000000002,"d":"$169.29"},{"v":0.5980000000000001,"d":"$0.598"},{"v":224.96760000000006,"d":"$224.97"},{"v":1.048,"d":"$1.048"},{"v":394.2576000000001,"d":"$394"}]
[{"$f":"IF(F72<>\"\",1+MAX($A$6:A71),\"\")","v":56},null,"3-#2/0, PHASE CABLE",10.95,{"v":0.1,"d":"10%"},{"v":12.045,"d":"12"},"LF",{"v":0.45,"d":"$0.450"},{"v":5.42025,"d":"$5.42"},{"v":0.593,"d":"$0.593"},{"v":7.142684999999999,"d":"$7.14"},{"v":1.043,"d":"$1.043"},{"v":12.562935,"d":"$13"}]
[{"$f":"IF(F73<>\"\",1+MAX($A$6:A72),\"\")","v":57},null,"3-#3/0, PHASE CABLE",1081,{"v":0.1,"d":"10%"},{"v":1189.1000000000001,"d":"1189"},"LF",{"v":0.45,"d":"$0.450"},{"v":535.095,"d":"$535.10"},{"v":0.5952999999999999,"d":"$0.595"},{"v":707.87123,"d":"$707.87"},{"v":1.0453,"d":"$1.045"},{"v":1242.96623,"d":"$1,243"}]
[{"$f":"IF(F74<>\"\",1+MAX($A$6:A73),\"\")","v":58},null,"2-#3/0, PHASE CABLE",19.305,{"v":0.1,"d":"10%"},{"v":21.235500000000002,"d":"21"},"LF",{"v":0.45,"d":"$0.450"},{"v":9.555975000000002,"d":"$9.56"},{"v":0.5920000000000001,"d":"$0.592"},{"v":12.571416000000003,"d":"$12.57"},{"v":1.042,"d":"$1.042"},{"v":22.127391000000003,"d":"$22"}]
[{"$f":"IF(F75<>\"\",1+MAX($A$6:A74),\"\")","v":59},null,"3-#4, PHASE CABLE",104,{"v":0.1,"d":"10%"},{"v":114.4,"d":"114"},"LF",{"v":0.45,"d":"$0.450"},{"v":51.480000000000004,"d":"$51.48"},{"v":0.5960000000000001,"d":"$0.596"},{"v":68.18240000000002,"d":"$68.18"},{"v":1.046,"d":"$1.046"},{"v":119.6624,"d":"$120"}]
[{"$f":"IF(F76<>\"\",1+MAX($A$6:A75),\"\")","v":60},null,"1 #4/0 ",46,{"v":0.1,"d":"10%"},{"v":50.6,"d":"51"},"LF",{"v":0.45,"d":"$0.450"},{"v":22.77,"d":"$22.77"},{"v":0.573,"d":"$0.573"},{"v":28.9938,"d":"$28.99"},{"v":1.023,"d":"$1.023"},{"v":51.763799999999996,"d":"$52"}]
[{"$f":"IF(F77<>\"\",1+MAX($A$6:A76),\"\")","v":61},null,"3-#4/0, PHASE CABLE",508,{"v":0.1,"d":"10%"},{"v":558.8000000000001,"d":"559"},"LF",{"v":0.45,"d":"$0.450"},{"v":251.46000000000004,"d":"$251.46"},{"v":0.5960000000000001,"d":"$0.596"},{"v":333.04480000000007,"d":"$333.04"},{"v":1.046,"d":"$1.046"},{"v":584.5048,"d":"$585"}]
[{"$f":"IF(F78<>\"\",1+MAX($A$6:A77),\"\")","v":62},null,"6-#6, PHASE CABLE",64.774,{"v":0.1,"d":"10%"},{"v":71.2514,"d":"71"},"LF",{"v":0.45,"d":"$0.450"},{"v":32.06313,"d":"$32.06"},{"v":0.6420000000000001,"d":"$0.642"},{"v":45.74339880000001,"d":"$45.74"},{"v":1.092,"d":"$1.092"},{"v":77.80652880000001,"d":"$78"}]
[{"$f":"IF(F79<>\"\",1+MAX($A$6:A78),\"\")","v":63},null,"3-#6, PHASE CABLE",10.288,{"v":0.1,"d":"10%"},{"v":11.3168,"d":"11"},"LF",{"v":0.45,"d":"$0.450"},{"v":5.092560000000001,"d":"$5.09"},{"v":0.617,"d":"$0.617"},{"v":6.9824656,"d":"$6.98"},{"v":1.067,"d":"$1.067"},{"v":12.0750256,"d":"$12"}]
[{"$f":"IF(F80<>\"\",1+MAX($A$6:A79),\"\")","v":64},null,"3-#8, PHASE CABLE",481,{"v":0.1,"d":"10%"},{"v":529.1,"d":"529"},"LF",{"v":0.45,"d":"$0.450"},{"v":238.09500000000003,"d":"$238.10"},{"v":0.6280000000000001,"d":"$0.628"},{"v":332.2748000000001,"d":"$332.27"},{"v":1.078,"d":"$1.078"},{"v":570.3698,"d":"$570"}]
[{"$f":"IF(F81<>\"\",1+MAX($A$6:A80),\"\")","v":65},null,"2-#8, PHASE CABLE",2.297,{"v":0.1,"d":"10%"},{"v":2.5267000000000004,"d":"3"},"LF",{"v":0.45,"d":"$0.450"},{"v":1.137015,"d":"$1.14"},{"v":0.595,"d":"$0.595"},{"v":1.5033865000000002,"d":"$1.50"},{"v":1.045,"d":"$1.045"},{"v":2.6404015000000003,"d":"$3"}]
[{"$f":"IF(F82<>\"\",1+MAX($A$6:A81),\"\")","v":66},null,"(12) 3-#10, PHASE CABLE",68.664,{"v":0.1,"d":"10%"},{"v":75.53040000000001,"d":"76"},"LF",{"v":4.35,"d":"$4.350"},{"v":328.55724000000004,"d":"$328.56"},{"v":8.214,"d":"$8.214"},{"v":620.4067056000001,"d":"$620.41"},{"v":12.564,"d":"$12.564"},{"v":948.9639456000002,"d":"$949"}]
[{"$f":"IF(F83<>\"\",1+MAX($A$6:A82),\"\")","v":67},null,"(12) 3-#10, PHASE CABLE",71.071,{"v":0.1,"d":"10%"},{"v":78.1781,"d":"78"},"LF",{"v":4.35,"d":"$4.350"},{"v":340.074735,"d":"$340.07"},{"v":8.436,"d":"$8.436"},{"v":659.5104516,"d":"$659.51"},{"v":12.786,"d":"$12.786"},{"v":999.5851865999999,"d":"$1,000"}]
[{"$f":"IF(F84<>\"\",1+MAX($A$6:A83),\"\")","v":68},null,"6-#10, PHASE CABLE",23.375,{"v":0.1,"d":"10%"},{"v":25.712500000000002,"d":"26"},"LF",{"v":0.45,"d":"$0.450"},{"v":11.570625000000001,"d":"$11.57"},{"v":0.6280000000000001,"d":"$0.628"},{"v":16.147450000000003,"d":"$16.15"},{"v":1.078,"d":"$1.078"},{"v":27.718075000000002,"d":"$28"}]
[{"$f":"IF(F85<>\"\",1+MAX($A$6:A84),\"\")","v":69},null,"3-#10, PHASE CABLE",355,{"v":0.1,"d":"10%"},{"v":390.50000000000006,"d":"391"},"LF",{"v":0.45,"d":"$0.450"},{"v":175.72500000000002,"d":"$175.73"},{"v":0.6060000000000001,"d":"$0.606"},{"v":236.64300000000006,"d":"$236.64"},{"v":1.056,"d":"$1.056"},{"v":412.36800000000005,"d":"$412"}]
[{"$f":"IF(F86<>\"\",1+MAX($A$6:A85),\"\")","v":70},null,"(2) 3-#10, PHASE CABLE",75.36200000000001,{"v":0.1,"d":"10%"},{"v":82.89820000000002,"d":"83"},"LF",{"v":1.21,"d":"$1.210"},{"v":100.30682200000001,"d":"$100.31"},{"v":0.9020000000000001,"d":"$0.902"},{"v":74.77417640000003,"d":"$74.77"},{"v":2.112,"d":"$2.112"},{"v":175.08099840000006,"d":"$175"}]
[{"$f":"IF(F87<>\"\",1+MAX($A$6:A86),\"\")","v":71},null,"2-#10, PHASE CABLE",492,{"v":0.1,"d":"10%"},{"v":541.2,"d":"541"},"LF",{"v":0.45,"d":"$0.450"},{"v":243.54000000000002,"d":"$243.54"},{"v":0.6180000000000001,"d":"$0.618"},{"v":334.4616000000001,"d":"$334.46"},{"v":1.068,"d":"$1.068"},{"v":578.0016,"d":"$578"}]
[{"$f":"IF(F88<>\"\",1+MAX($A$6:A87),\"\")","v":72},null,"3-#12, PHASE CABLE",33.226,{"v":0.1,"d":"10%"},{"v":36.5486,"d":"37"},"LF",{"v":0.45,"d":"$0.450"},{"v":16.44687,"d":"$16.45"},{"v":0.6482000000000001,"d":"$0.648"},{"v":23.690802520000005,"d":"$23.69"},{"v":1.0982,"d":"$1.098"},{"v":40.13767252,"d":"$40"}]
[{"$f":"IF(F89<>\"\",1+MAX($A$6:A88),\"\")","v":73},null,"8-#12, PHASE CABLE",616,{"v":0.1,"d":"10%"},{"v":677.6,"d":"678"},"LF",{"v":0.45,"d":"$0.450"},{"v":304.92,"d":"$304.92"},{"v":0.6740000000000002,"d":"$0.674"},{"v":456.7024000000001,"d":"$456.70"},{"v":1.124,"d":"$1.124"},{"v":761.6224000000001,"d":"$762"}]
[{"$f":"IF(F90<>\"\",1+MAX($A$6:A89),\"\")","v":74},null,"2#12, PHASE CABLE",587,{"v":0.1,"d":"10%"},{"v":645.7,"d":"646"},"LF",{"v":0.45,"d":"$0.450"},{"v":290.56500000000005,"d":"$290.57"},{"v":0.8920000000000001,"d":"$0.892"},{"v":575.9644000000001,"d":"$575.96"},{"v":1.342,"d":"$1.342"},{"v":866.5294000000001,"d":"$867"}]
[{"$f":"IF(F91<>\"\",1+MAX($A$6:A90),\"\")","v":75},null,"6-#12, PHASE CABLE",283,{"v":0.1,"d":"10%"},{"v":311.3,"d":"311"},"LF",{"v":0.45,"d":"$0.450"},{"v":140.085,"d":"$140.09"},{"v":1.207,"d":"$1.207"},{"v":375.73910000000006,"d":"$375.74"},{"v":1.657,"d":"$1.657"},{"v":515.8241,"d":"$516"}]
[{"$f":"IF(F92<>\"\",1+MAX($A$6:A91),\"\")","v":76},null,"10-#12, PHASE CABLE",199,{"v":0.1,"d":"10%"},{"v":218.9,"d":"219"},"LF",{"v":0.67,"d":"$0.670"},{"v":146.663,"d":"$146.66"},{"v":1.2040000000000002,"d":"$1.204"},{"v":263.5556,"d":"$263.56"},{"v":1.874,"d":"$1.874"},{"v":410.21860000000004,"d":"$410"}]
[{"$f":"IF(F93<>\"\",1+MAX($A$6:A92),\"\")","v":77},null,"4-#12,  PHASE CABLE",583,{"v":0.1,"d":"10%"},{"v":641.3000000000001,"d":"641"},"LF",{"v":0.67,"d":"$0.670"},{"v":429.67100000000005,"d":"$429.67"},{"v":0.894,"d":"$0.894"},{"v":573.3222000000001,"d":"$573.32"},{"v":1.564,"d":"$1.564"},{"v":1002.9932000000001,"d":"$1,003"}]
[]
[null,null,"GROUNDING WIRE"]
[{"$f":"IF(F96<>\"\",1+MAX($A$6:A95),\"\")","v":""}]
[{"$f":"IF(F97<>\"\",1+MAX($A$6:A96),\"\")","v":78},null,"18\" GROUNDING BAR",1,{"v":0,"d":"0%"},{"$f":"D97*(1+E97)","v":1},"EA",{"v":65.4,"d":"$65.400"},{"$f":"H97*F97","v":{"v":65.4,"d":"$65.40"}},{"v":91,"d":"$91.000"},{"$f":"J97*F97","v":{"v":91,"d":"$91.00"}},{"v":156.4,"d":"$156.400"},{"$f":"L97*F97","v":{"v":156.4,"d":"$156"}}]
[{"$f":"IF(F98<>\"\",1+MAX($A$6:A97),\"\")","v":79},null,"#2 GROUND",1479.1760000000002,{"v":0.1,"d":"10%"},{"v":1627.0936000000004,"d":"1627"},"LF",{"v":0.54,"d":"$0.540"},{"v":878.6305440000002,"d":"$878.63"},{"v":0.8340000000000001,"d":"$0.834"},{"v":1356.9960624000005,"d":"$1,357.00"},{"v":1.374,"d":"$1.374"},{"v":2235.6266064000006,"d":"$2,236"}]
[{"$f":"IF(F99<>\"\",1+MAX($A$6:A98),\"\")","v":80},null,"(4) #4/0 GROUND",57.766,{"v":0.1,"d":"10%"},{"v":63.5426,"d":"64"},"LF",{"v":2.34,"d":"$2.340"},{"v":148.689684,"d":"$148.69"},{"v":3.849,"d":"$3.849"},{"v":244.5754674,"d":"$244.58"},{"v":6.189,"d":"$6.189"},{"v":393.2651514,"d":"$393"}]
[{"$f":"IF(F100<>\"\",1+MAX($A$6:A99),\"\")","v":81},null,"#4 GROUND",286.15,{"v":0.1,"d":"10%"},{"v":314.765,"d":"315"},"LF",{"v":0.87,"d":"$0.870"},{"v":273.84555,"d":"$273.85"},{"v":0.7859999999999999,"d":"$0.786"},{"v":247.40528999999995,"d":"$247.41"},{"v":1.656,"d":"$1.656"},{"v":521.2508399999999,"d":"$521"}]
[{"$f":"IF(F101<>\"\",1+MAX($A$6:A100),\"\")","v":82},null,"#6 GROUND",719.7379999999999,{"v":0.1,"d":"10%"},{"v":791.7118,"d":"792"},"LF",{"v":0.87,"d":"$0.870"},{"v":688.789266,"d":"$688.79"},{"v":1.0230000000000001,"d":"$1.023"},{"v":809.9211714000002,"d":"$809.92"},{"v":1.893,"d":"$1.893"},{"v":1498.7104374,"d":"$1,499"}]
[{"$f":"IF(F102<>\"\",1+MAX($A$6:A101),\"\")","v":83},null,"#8 GROUND",80.747,{"v":0.1,"d":"10%"},{"v":88.8217,"d":"89"},"LF",{"v":0.87,"d":"$0.870"},{"v":77.27487900000001,"d":"$77.27"},{"v":1.1270000000000002,"d":"$1.127"},{"v":100.10205590000002,"d":"$100.10"},{"v":1.997,"d":"$1.997"},{"v":177.37693490000004,"d":"$177"}]
[{"$f":"IF(F103<>\"\",1+MAX($A$6:A102),\"\")","v":84},null,"(3) #10 GROUND",139.735,{"v":0.1,"d":"10%"},{"v":153.70850000000002,"d":"154"},"LF",{"v":3.2,"d":"$3.200"},{"v":491.8672000000001,"d":"$491.87"},{"v":3.1449999999999996,"d":"$3.145"},{"v":483.4132325,"d":"$483.41"},{"v":6.345,"d":"$6.345"},{"v":975.2804325000001,"d":"$975"}]
[{"$f":"IF(F104<>\"\",1+MAX($A$6:A103),\"\")","v":85},null,"#10 GROUND",1350,{"v":0.1,"d":"10%"},{"v":1485.0000000000002,"d":"1485"},"LF",{"v":1.12,"d":"$1.120"},{"v":1663.2000000000005,"d":"$1,663.20"},{"v":1.0139999999999998,"d":"$1.014"},{"v":1505.79,"d":"$1,505.79"},{"v":2.134,"d":"$2.134"},{"v":3168.9900000000002,"d":"$3,169"}]
[{"$f":"IF(F105<>\"\",1+MAX($A$6:A104),\"\")","v":86},null,"#12 GROUND",1879.132,{"v":0.1,"d":"10%"},{"v":2067.0452,"d":"2067"},"LF",{"v":1.12,"d":"$1.120"},{"v":2315.0906240000004,"d":"$2,315.09"},{"v":1.045,"d":"$1.045"},{"v":2160.062234,"d":"$2,160.06"},{"v":2.165,"d":"$2.165"},{"v":4475.152858,"d":"$4,475"}]
[{"$f":"IF(F106<>\"\",1+MAX($A$6:A105),\"\")","v":87},null,"#12 GROUND",124.251,{"v":0.1,"d":"10%"},{"v":136.67610000000002,"d":"137"},"LF",{"v":1.12,"d":"$1.120"},{"v":153.07723200000004,"d":"$153.08"},{"v":1.045,"d":"$1.045"},{"v":142.8265245,"d":"$142.83"},{"v":2.165,"d":"$2.165"},{"v":295.90375650000004,"d":"$296"}]
[{"$f":"IF(F107<>\"\",1+MAX($A$6:A106),\"\")","v":88},null,"(7) 500kcmil GROUND",128.941,{"v":0.1,"d":"10%"},{"v":141.8351,"d":"142"},"LF",{"v":4.32,"d":"$4.320"},{"v":612.7276320000001,"d":"$612.73"},{"v":2.995,"d":"$2.995"},{"v":424.7961245000001,"d":"$424.80"},{"v":7.315,"d":"$7.315"},{"v":1037.5237565000002,"d":"$1,038"}]
[{"$f":"IF(F108<>\"\",1+MAX($A$6:A107),\"\")","v":""}]
[null,null,"LIGHT FIXTURES & LAMPS"]
[{"$f":"IF(F110<>\"\",1+MAX($A$6:A109),\"\")","v":""}]
[{"$f":"IF(F111<>\"\",1+MAX($A$6:A110),\"\")","v":89},null,"HIGH BAY CEILING LED, Mfg.: LITHONIA, CATALOG #: JCBL 15000LM DALR ALDPR 120 GZ10 40K 80CRI PM",10,{"v":0,"d":"0%"},{"$f":"D111*(1+E111)","v":10},"EA",{"v":215.2,"d":"$215.200"},{"$f":"H111*F111","v":{"v":2152,"d":"$2,152.00"}},{"v":214.8,"d":"$214.800"},{"$f":"J111*F111","v":{"v":2148,"d":"$2,148.00"}},{"v":430,"d":"$430.000"},{"$f":"L111*F111","v":{"v":4300,"d":"$4,300"}}]
[{"$f":"IF(F112<>\"\",1+MAX($A$6:A111),\"\")","v":90},null,"HIGH BAY CEILING LED W/ BATTERY BACKUP, Mfg.: LITHONIA, CATALOG #: JCBL 15000LM DALR ALDPR 120 GZ10 40K 80CRI PM PS750DL T20C",3,{"v":0,"d":"0%"},3,"EA",{"v":215.2,"d":"$215.200"},{"v":645.5999999999999,"d":"$645.60"},{"v":221.3,"d":"$221.300"},{"v":663.9000000000001,"d":"$663.90"},{"v":436.5,"d":"$436.500"},{"v":1309.5,"d":"$1,310"}]
[{"$f":"IF(F113<>\"\",1+MAX($A$6:A112),\"\")","v":91},null,"2 X 4 RECESSED CEILING LED, Mfg.: LITHONIA, CATALOG #: 2BLT4 60L ADP EZ1 LP850",2,{"v":0,"d":"0%"},2,"EA",{"v":215.2,"d":"$215.200"},{"v":430.4,"d":"$430.40"},{"v":181.3,"d":"$181.300"},{"v":362.6,"d":"$362.60"},{"v":396.5,"d":"$396.500"},{"v":793,"d":"$793"}]
[{"$f":"IF(F114<>\"\",1+MAX($A$6:A113),\"\")","v":92},null,"WALL PACK W/ HIGH OUTPUT LED, Mfg.: LITHONIA, CATALOG #: TWR1LED LED P4 50K MVOLT DDBTXD",23,{"v":0,"d":"0%"},23,"EA",{"v":215.2,"d":"$215.200"},{"v":4949.599999999999,"d":"$4,949.60"},{"v":212.2,"d":"$212.200"},{"v":4880.599999999999,"d":"$4,880.60"},{"v":427.4,"d":"$427.400"},{"v":9830.199999999999,"d":"$9,830"}]
[{"$f":"IF(F115<>\"\",1+MAX($A$6:A114),\"\")","v":93},null,"SURFACE MOUNT EDGE LIT EXIT SIGN W/ LED LAMP, Mfg.: LITHONIA, CATALOG #: EDG 1 G ELSD",2,{"v":0,"d":"0%"},2,"EA",{"v":215.2,"d":"$215.200"},{"v":430.4,"d":"$430.40"},{"v":324.00000000000006,"d":"$324.000"},{"v":648.0000000000001,"d":"$648.00"},{"v":539.2,"d":"$539.200"},{"v":1078.4,"d":"$1,078"}]
[{"$f":"IF(F116<>\"\",1+MAX($A$6:A115),\"\")","v":94},null,"CEILING LED, Mfg.: LITHONIA, CATALOG #: VAP 6000LM FST WD MVOLT GZ10 40K 80CRI",3,{"v":0,"d":"0%"},3,"EA",{"v":215.2,"d":"$215.200"},{"v":645.5999999999999,"d":"$645.60"},{"v":281.1,"d":"$281.100"},{"v":843.3000000000001,"d":"$843.30"},{"v":496.3,"d":"$496.300"},{"v":1488.9,"d":"$1,489"}]
[]
[null,null,"LIGHTING FIXTURE CONTROL & ACCESSORIES"]
[{"$f":"IF(F119<>\"\",1+MAX($A$6:A118),\"\")","v":""}]
[{"$f":"IF(F120<>\"\",1+MAX($A$6:A119),\"\")","v":95},null,"FIXTURE MOUNT OCCUPANCY/ DAYLIGHT SENSOR, Mfg.: ACUITY CONTROLS, CATALOG #: LSXR 610 ADC",13,{"v":0,"d":"0%"},{"$f":"D120*(1+E120)","v":13},"EA",{"v":165.6,"d":"$165.600"},{"$f":"H120*F120","v":{"v":2152.7999999999997,"d":"$2,152.80"}},{"v":174.4,"d":"$174.400"},{"$f":"J120*F120","v":{"v":2267.2000000000003,"d":"$2,267.20"}},{"v":340,"d":"$340.000"},{"$f":"L120*F120","v":{"v":4420,"d":"$4,420"}}]
[{"$f":"IF(F121<>\"\",1+MAX($A$6:A120),\"\")","v":96},null,"FIXTURE MOUNT OCCUPANCY/ DAYLIGHT SENSOR, Mfg.: ACUITY CONTROLS, CATALOG #: SBOR 10 OEX D P BZ",23,{"v":0,"d":"0%"},23,"EA",{"v":165.6,"d":"$165.600"},{"v":3808.7999999999997,"d":"$3,808.80"},{"v":163.79999999999998,"d":"$163.800"},{"v":3767.3999999999996,"d":"$3,767.40"},{"v":329.4,"d":"$329.400"},{"v":7576.2,"d":"$7,576"}]
[{"$f":"IF(F122<>\"\",1+MAX($A$6:A121),\"\")","v":97},null,"WALL SWITCH OCCUPANCY SENSOR W/ DIMMING, Mfg.: SENSOR SWITCH, CATALOG #: WSX PDT D WH",1,{"v":0,"d":"0%"},1,"EA",{"v":165.6,"d":"$165.600"},{"v":165.6,"d":"$165.60"},{"v":163.79999999999998,"d":"$163.800"},{"v":163.79999999999998,"d":"$163.80"},{"v":329.4,"d":"$329.400"},{"v":329.4,"d":"$329"}]
[{"$f":"IF(F123<>\"\",1+MAX($A$6:A122),\"\")","v":98},null,"THE PUSH BUTTON DIMMING SWITCHPOD SERIES, Mfg.: SENSOR SWITCH, CATALOG #: SPODMRD WH",6,{"v":0,"d":"0%"},6,"EA",{"v":165.6,"d":"$165.600"},{"v":993.5999999999999,"d":"$993.60"},{"v":154.4,"d":"$154.400"},{"v":926.4000000000001,"d":"$926.40"},{"v":320,"d":"$320.000"},{"v":1920,"d":"$1,920"}]
[{"$f":"IF(F124<>\"\",1+MAX($A$6:A123),\"\")","v":99},null,"36\" STEAM HANGER , Mfg.: LITHONIA LIGHTING, CATALOG #: SQ36",13,{"v":0,"d":"0%"},13,"EA",{"v":165.6,"d":"$165.600"},{"v":2152.7999999999997,"d":"$2,152.80"},{"v":153.6,"d":"$153.600"},{"v":1996.8,"d":"$1,996.80"},{"v":319.2,"d":"$319.200"},{"v":4149.599999999999,"d":"$4,150"}]
[{"$f":"IF(F125<>\"\",1+MAX($A$6:A124),\"\")","v":100},null,"SAFETY CABLE 120\", Mfg.: LITHONIA LIGHTING, CATALOG #: JCBLSC120",13,{"v":0,"d":"0%"},13,"EA",{"v":165.6,"d":"$165.600"},{"v":2152.7999999999997,"d":"$2,152.80"},{"v":174.79999999999998,"d":"$174.800"},{"v":2272.3999999999996,"d":"$2,272.40"},{"v":340.4,"d":"$340.400"},{"v":4425.2,"d":"$4,425"}]
[{"$f":"IF(F126<>\"\",1+MAX($A$6:A125),\"\")","v":101},null,"Dual 48\" tube, 32W Fluorescent Light Fixture ",22,{"v":0,"d":"0%"},{"$f":"D126*(1+E126)","v":22},"EA",{"v":165.6,"d":"$165.600"},{"$f":"H126*F126","v":{"v":3643.2,"d":"$3,643.20"}},{"v":174.79999999999998,"d":"$174.800"},{"$f":"J126*F126","v":{"v":3845.5999999999995,"d":"$3,845.60"}},{"v":340.4,"d":"$340.400"},{"$f":"L126*F126","v":{"v":7488.799999999999,"d":"$7,489"}}]
[{"$f":"IF(F127<>\"\",1+MAX($A$6:A126),\"\")","v":102},null,"Lighting Mast ",6,{"v":0,"d":"0%"},6,"EA",{"v":165.6,"d":"$165.600"},{"v":993.5999999999999,"d":"$993.60"},{"v":174.79999999999998,"d":"$174.800"},{"v":1048.8,"d":"$1,048.80"},{"v":340.4,"d":"$340.400"},{"v":2042.3999999999999,"d":"$2,042"}]
[{"$f":"IF(F128<>\"\",1+MAX($A$6:A127),\"\")","v":103},null,"Lightning Arrester ",34,{"v":0,"d":"0%"},34,"EA",{"v":165.6,"d":"$165.600"},{"v":5630.4,"d":"$5,630.40"},{"v":174.79999999999998,"d":"$174.800"},{"v":5943.2,"d":"$5,943.20"},{"v":340.4,"d":"$340.400"},{"v":11573.599999999999,"d":"$11,574"}]
[{"$f":"IF(F129<>\"\",1+MAX($A$6:A125),\"\")","v":""}]
[null,null,"POWER VALUT"]
[{"$f":"IF(F131<>\"\",1+MAX($A$6:A130),\"\")","v":""}]
[{"$f":"IF(F132<>\"\",1+MAX($A$6:A131),\"\")","v":104},null,"5\" DIA TERMINATORS SCH 40",6,{"v":0,"d":"0%"},{"$f":"D132*(1+E132)","v":6},"EA",{"v":27.6,"d":"$27.600"},{"$f":"H132*F132","v":{"v":165.60000000000002,"d":"$165.60"}},{"v":58.9,"d":"$58.900"},{"$f":"J132*F132","v":{"v":353.4,"d":"$353.40"}},{"v":86.5,"d":"$86.500"},{"$f":"L132*F132","v":{"v":519,"d":"$519"}}]
[{"$f":"IF(F133<>\"\",1+MAX($A$6:A132),\"\")","v":105},null,"7/8\" DIA. X 4-1/2\" GALV. PULL IRON",2,{"v":0,"d":"0%"},2,"EA",{"v":54.3,"d":"$54.300"},{"$f":"H133*F133","v":{"v":108.6,"d":"$108.60"}},{"v":69.57000000000001,"d":"$69.570"},{"$f":"J133*F133","v":{"v":139.14000000000001,"d":"$139.14"}},{"v":123.87,"d":"$123.870"},{"$f":"L133*F133","v":{"v":247.74,"d":"$248"}}]
[{"$f":"IF(F134<>\"\",1+MAX($A$6:A133),\"\")","v":106},null,"1/2\" THREADED BRONZE ROD",3,{"v":0,"d":"0%"},3,"EA",{"v":18.7,"d":"$18.700"},{"$f":"H134*F134","v":{"v":56.099999999999994,"d":"$56.10"}},{"v":38,"d":"$38.000"},{"$f":"J134*F134","v":{"v":114,"d":"$114.00"}},{"v":56.7,"d":"$56.700"},{"$f":"L134*F134","v":{"v":170.10000000000002,"d":"$170"}}]
[{"$f":"IF(F135<>\"\",1+MAX($A$6:A134),\"\")","v":107},null,"1\" DIA BLIND GROUND ROD HOLE",4,{"v":0,"d":"0%"},4,"EA",{"v":34.5,"d":"$34.500"},{"$f":"H135*F135","v":{"v":138,"d":"$138.00"}},{"v":53.099999999999994,"d":"$53.100"},{"$f":"J135*F135","v":{"v":212.39999999999998,"d":"$212.40"}},{"v":87.6,"d":"$87.600"},{"$f":"L135*F135","v":{"v":350.4,"d":"$350"}}]
[{"$f":"IF(F136<>\"\",1+MAX($A$6:A135),\"\")","v":""}]
[null,null,"MISC."]
[{"$f":"IF(F138<>\"\",1+MAX($A$6:A137),\"\")","v":""}]
[{"$f":"IF(F139<>\"\",1+MAX($A$6:A138),\"\")","v":108},null,"CT-1 FAN VFD",1,{"v":0,"d":"0%"},{"$f":"D139*(1+E139)","v":1},"EA",{"v":134.5,"d":"$134.500"},{"$f":"H139*F139","v":{"v":134.5,"d":"$134.50"}},{"v":142,"d":"$142.000"},{"$f":"J139*F139","v":{"v":142,"d":"$142.00"}},{"v":276.5,"d":"$276.500"},{"$f":"L139*F139","v":{"v":276.5,"d":"$277"}}]
[{"$f":"IF(F140<>\"\",1+MAX($A$6:A139),\"\")","v":109},null,"CT-2 FAN VFD",1,{"v":0,"d":"0%"},1,"EA",{"v":134.5,"d":"$134.500"},{"v":134.5,"d":"$134.50"},{"v":142,"d":"$142.000"},{"v":142,"d":"$142.00"},{"v":276.5,"d":"$276.500"},{"v":276.5,"d":"$277"}]
[{"$f":"IF(F141<>\"\",1+MAX($A$6:A140),\"\")","v":110},null,"CT-3 VFD",1,{"v":0,"d":"0%"},1,"EA",{"v":134.5,"d":"$134.500"},{"v":134.5,"d":"$134.50"},{"v":123.80000000000001,"d":"$123.800"},{"v":123.80000000000001,"d":"$123.80"},{"v":258.3,"d":"$258.300"},{"v":258.3,"d":"$258"}]
[{"$f":"IF(F142<>\"\",1+MAX($A$6:A141),\"\")","v":111},null,"CT-4 VFD",1,{"v":0,"d":"0%"},1,"EA",{"v":134.5,"d":"$134.500"},{"v":134.5,"d":"$134.50"},{"v":123.80000000000001,"d":"$123.800"},{"v":123.80000000000001,"d":"$123.80"},{"v":258.3,"d":"$258.300"},{"v":258.3,"d":"$258"}]
[{"$f":"IF(F143<>\"\",1+MAX($A$6:A142),\"\")","v":112},null,"NEW VFD ",3,{"v":0,"d":"0%"},3,"EA",{"v":134.5,"d":"$134.500"},{"v":403.5,"d":"$403.50"},{"v":123.80000000000001,"d":"$123.800"},{"v":371.40000000000003,"d":"$371.40"},{"v":258.3,"d":"$258.300"},{"v":774.9000000000001,"d":"$775"}]
[{"$f":"IF(F144<>\"\",1+MAX($A$6:A143),\"\")","v":113},null,"CWP-3, 4 VFD ",2,{"v":0,"d":"0%"},2,"EA",{"v":134.5,"d":"$134.500"},{"v":269,"d":"$269.00"},{"v":163.8,"d":"$163.800"},{"v":327.6,"d":"$327.60"},{"v":298.3,"d":"$298.300"},{"v":596.6,"d":"$597"}]
[{"$f":"IF(F145<>\"\",1+MAX($A$6:A144),\"\")","v":114},null,"GROUND FAULT RECEPTACLE",3,{"v":0,"d":"0%"},3,"EA",{"v":134.5,"d":"$134.500"},{"v":403.5,"d":"$403.50"},{"v":151.8,"d":"$151.800"},{"v":455.40000000000003,"d":"$455.40"},{"v":286.3,"d":"$286.300"},{"v":858.9000000000001,"d":"$859"}]
[{"$f":"IF(F146<>\"\",1+MAX($A$6:A145),\"\")","v":115},null,"DISCONNECT, 30A",4,{"v":0,"d":"0%"},4,"EA",{"v":324.3,"d":"$324.300"},{"v":1297.2,"d":"$1,297.20"},{"v":462.40000000000003,"d":"$462.400"},{"v":1849.6000000000001,"d":"$1,849.60"},{"v":786.7,"d":"$786.700"},{"v":3146.8,"d":"$3,147"}]
[{"$f":"IF(F147<>\"\",1+MAX($A$6:A146),\"\")","v":116},null,"DUPLEX RECEPTACLE",10,{"v":0,"d":"0%"},10,"EA",{"v":134.5,"d":"$134.500"},{"v":1345,"d":"$1,345.00"},{"v":132.8,"d":"$132.800"},{"v":1328,"d":"$1,328.00"},{"v":267.3,"d":"$267.300"},{"v":2673,"d":"$2,673"}]
[{"$f":"IF(F148<>\"\",1+MAX($A$6:A147),\"\")","v":117},null,"WP & GFI RECEPTACLE",2,{"v":0,"d":"0%"},2,"EA",{"v":134.5,"d":"$134.500"},{"v":269,"d":"$269.00"},{"v":132.8,"d":"$132.800"},{"v":265.6,"d":"$265.60"},{"v":267.3,"d":"$267.300"},{"v":534.6,"d":"$535"}]
[{"$f":"IF(F149<>\"\",1+MAX($A$6:A148),\"\")","v":118},null,"UNDERGROUND OUTLET TO OUTLET",163.486,{"v":0.1,"d":"10%"},{"v":179.8346,"d":"180"},"LF",{"v":0.43,"d":"$0.430"},{"v":77.328878,"d":"$77.33"},{"v":0.9400000000000002,"d":"$0.940"},{"v":169.04452400000002,"d":"$169.04"},{"v":1.37,"d":"$1.370"},{"v":246.373402,"d":"$246"}]
[{"$f":"IF(F150<>\"\",1+MAX($A$6:A149),\"\")","v":119},null,"CHEMICAL ANALYZER PANEL",1,{"v":0,"d":"0%"},1,"EA",{"v":1230,"d":"$1,230.000"},{"v":1230,"d":"$1,230.00"},{"v":1640.5,"d":"$1,640.500"},{"v":1640.5,"d":"$1,640.50"},{"v":2870.5,"d":"$2,870.500"},{"v":2870.5,"d":"$2,871"}]
[]
[null,null,"SELECTIVE REMOVAL"]
[{"$f":"IF(F153<>\"\",1+MAX($A$6:A152),\"\")","v":""}]
[{"$f":"IF(F154<>\"\",1+MAX($A$6:A153),\"\")","v":120},null,"REMOVE EXISTING 3-350KCMIL CABLES AND 1-#6 GROUND WIRE",44.043,{"v":0.1,"d":"10%"},{"$f":"D154*(1+E154)","v":{"v":48.447300000000006,"d":"48"}},"LF",{"v":0.45,"d":"$0.450"},{"$f":"H154*F154","v":{"v":21.801285000000004,"d":"$21.80"}},{"v":1.117,"d":"$1.117"},{"$f":"J154*F154","v":{"v":54.11563410000001,"d":"$54.12"}},{"v":1.567,"d":"$1.567"},{"$f":"L154*F154","v":{"v":75.9169191,"d":"$76"}}]
[{"$f":"IF(F155<>\"\",1+MAX($A$6:A154),\"\")","v":121},null,"REMOVE EXISTING 5KV, 6-1/0 CABLES AND 2-4\" CONDUIT",160.15,{"v":0.1,"d":"10%"},{"v":176.16500000000002,"d":"176"},"LF",{"v":0.45,"d":"$0.450"},{"$f":"H155*F155","v":{"v":79.27425000000001,"d":"$79.27"}},{"v":1.117,"d":"$1.117"},{"$f":"J155*F155","v":{"v":196.776305,"d":"$196.78"}},{"v":1.567,"d":"$1.567"},{"$f":"L155*F155","v":{"v":276.05055500000003,"d":"$276"}}]
[{"$f":"IF(F156<>\"\",1+MAX($A$6:A155),\"\")","v":122},null,"REMOVE CABLES FROM UNDERGROUND CONDUITS",123.133,{"v":0.1,"d":"10%"},{"v":135.4463,"d":"135"},"LF",{"v":0.45,"d":"$0.450"},{"$f":"H156*F156","v":{"v":60.950835000000005,"d":"$60.95"}},{"v":1.117,"d":"$1.117"},{"$f":"J156*F156","v":{"v":151.2935171,"d":"$151.29"}},{"v":1.567,"d":"$1.567"},{"$f":"L156*F156","v":{"v":212.24435210000001,"d":"$212"}}]
[{"$f":"IF(F157<>\"\",1+MAX($A$6:A156),\"\")","v":123},null,"REMOVE EXISTING POER CABLES FROM LIGHTS AND RECEPTACLES",115.507,{"v":0.1,"d":"10%"},{"v":127.05770000000001,"d":"127"},"LF",{"v":0.45,"d":"$0.450"},{"$f":"H157*F157","v":{"v":57.175965000000005,"d":"$57.18"}},{"v":1.117,"d":"$1.117"},{"$f":"J157*F157","v":{"v":141.9234509,"d":"$141.92"}},{"v":1.567,"d":"$1.567"},{"$f":"L157*F157","v":{"v":199.0994159,"d":"$199"}}]
[{"$f":"IF(F158<>\"\",1+MAX($A$6:A157),\"\")","v":124},null,"REMOVE EXISTING CABLES AND PULL BACK THROUGH PANELS, INSTALL NEW PULL BOX",34.34,{"v":0.1,"d":"10%"},{"v":37.77400000000001,"d":"38"},"LF",{"v":22.34,"d":"$22.340"},{"$f":"H158*F158","v":{"v":843.8711600000001,"d":"$843.87"}},{"v":32.16,"d":"$32.160"},{"$f":"J158*F158","v":{"v":1214.81184,"d":"$1,214.81"}},{"v":54.5,"d":"$54.500"},{"$f":"L158*F158","v":{"v":2058.6830000000004,"d":"$2,059"}}]
[]
[null,null,"PANELS"]
[{"$f":"IF(F161<>\"\",1+MAX($A$6:A160),\"\")","v":""}]
[{"$f":"IF(F162<>\"\",1+MAX($A$6:A161),\"\")","v":125},null,"23D-MSB-1, TOTAL LOAD AMPS: 1764",1,{"v":0,"d":"0%"},{"$f":"D162*(1+E162)","v":1},"EA",{"v":980,"d":"$980.000"},{"$f":"H162*F162","v":{"v":980,"d":"$980.00"}},{"v":1376.4,"d":"$1,376.400"},{"$f":"J162*F162","v":{"v":1376.4,"d":"$1,376.40"}},{"v":2356.4,"d":"$2,356.400"},{"$f":"L162*F162","v":{"v":2356.4,"d":"$2,356"}}]
[{"$f":"IF(F163<>\"\",1+MAX($A$6:A162),\"\")","v":126},null,"23D-MSB-2, TOTAL LOAD AMPS: 1764",1,{"v":0,"d":"0%"},1,"EA",{"v":980,"d":"$980.000"},{"v":980,"d":"$980.00"},{"v":1376.4,"d":"$1,376.400"},{"v":1376.4,"d":"$1,376.40"},{"v":2356.4,"d":"$2,356.400"},{"v":2356.4,"d":"$2,356"}]
[{"$f":"IF(F164<>\"\",1+MAX($A$6:A163),\"\")","v":127},null,"23D-LPB-1, 33/42, TOTAL CONNECTED LOAD: 24,691 VA",1,{"v":0,"d":"0%"},1,"EA",{"v":980,"d":"$980.000"},{"v":980,"d":"$980.00"},{"v":1900,"d":"$1,900.000"},{"v":1900,"d":"$1,900.00"},{"v":2880,"d":"$2,880.000"},{"v":2880,"d":"$2,880"}]
[{"$f":"IF(F165<>\"\",1+MAX($A$6:A164),\"\")","v":128},null,"23D-HPB-1, TOTAL CONNECTED LOAD: 47,700 VA",1,{"v":0,"d":"0%"},1,"EA",{"v":1324,"d":"$1,324.000"},{"v":1324,"d":"$1,324.00"},{"v":2346,"d":"$2,346.000"},{"v":2346,"d":"$2,346.00"},{"v":3670,"d":"$3,670.000"},{"v":3670,"d":"$3,670"}]
[{"$f":"IF(F166<>\"\",1+MAX($A$6:A165),\"\")","v":129},null,"23CD-LPB-1, TOTAL CONNECTED LOAD: 11,311 VA",1,{"v":0,"d":"0%"},1,"EA",{"v":980,"d":"$980.000"},{"v":980,"d":"$980.00"},{"v":1230.4499999999998,"d":"$1,230.450"},{"v":1230.4499999999998,"d":"$1,230.45"},{"v":2210.45,"d":"$2,210.450"},{"v":2210.45,"d":"$2,210"}]
[{"$f":"IF(F167<>\"\",1+MAX($A$6:A166),\"\")","v":130},null,"23D-LPB-2, TOTAL CONNECTED LOAD: 2400 VA",1,{"v":0,"d":"0%"},1,"EA",{"v":980,"d":"$980.000"},{"v":980,"d":"$980.00"},{"v":360,"d":"$360.000"},{"v":360,"d":"$360.00"},{"v":1340,"d":"$1,340.000"},{"v":1340,"d":"$1,340"}]
[{"$f":"IF(F168<>\"\",1+MAX($A$6:A167),\"\")","v":""}]
[null,null,"FIRE ALARM"]
[{"$f":"IF(F170<>\"\",1+MAX($A$6:A169),\"\")","v":""}]
[{"$f":"IF(F171<>\"\",1+MAX($A$6:A170),\"\")","v":131},null,"NOTIFIER ADDRESSIBLE TEMPERATURE SENSOR",5,{"v":0,"d":"0%"},{"$f":"D171*(1+E171)","v":5},"EA",{"v":185.6,"d":"$185.600"},{"$f":"H171*F171","v":{"v":928,"d":"$928.00"}},{"v":154.4,"d":"$154.400"},{"$f":"J171*F171","v":{"v":772,"d":"$772.00"}},{"v":340,"d":"$340.000"},{"$f":"L171*F171","v":{"v":1700,"d":"$1,700"}}]
[{"$f":"IF(F172<>\"\",1+MAX($A$6:A171),\"\")","v":132},null,"NOTIFIER ADDRESSIBLE DEVICE HORN AND STROBE",4,{"v":0,"d":"0%"},4,"EA",{"v":185.6,"d":"$185.600"},{"$f":"H172*F172","v":{"v":742.4,"d":"$742.40"}},{"v":168.9,"d":"$168.900"},{"$f":"J172*F172","v":{"v":675.6,"d":"$675.60"}},{"v":354.5,"d":"$354.500"},{"$f":"L172*F172","v":{"v":1418,"d":"$1,418"}}]
[{"$f":"IF(F173<>\"\",1+MAX($A$6:A172),\"\")","v":133},null,"NOTIFIER ADDRESSIBLE PULL STATION",2,{"v":0,"d":"0%"},2,"EA",{"v":125.5,"d":"$125.500"},{"$f":"H173*F173","v":{"v":251,"d":"$251.00"}},{"v":160.10000000000002,"d":"$160.100"},{"$f":"J173*F173","v":{"v":320.20000000000005,"d":"$320.20"}},{"v":285.6,"d":"$285.600"},{"$f":"L173*F173","v":{"v":571.2,"d":"$571"}}]
[{"$f":"IF(F174<>\"\",1+MAX($A$6:A173),\"\")","v":134},null,"FIRE ALARM CONTROL PANEL, NOTIFIER NFS-320",1,{"v":0,"d":"0%"},1,"EA",{"v":1240.2,"d":"$1,240.200"},{"$f":"H174*F174","v":{"v":1240.2,"d":"$1,240.20"}},{"v":2100.3,"d":"$2,100.300"},{"$f":"J174*F174","v":{"v":2100.3,"d":"$2,100.30"}},{"v":3340.5,"d":"$3,340.500"},{"$f":"L174*F174","v":{"v":3340.5,"d":"$3,341"}}]
[{"$f":"IF(F175<>\"\",1+MAX($A$6:A174),\"\")","v":135},null,"DRY POWDER FIRE EXTINGUISHER FOR CLASS A, B AND C",2,{"v":0,"d":"0%"},2,"EA",{"v":89.5,"d":"$89.500"},{"$f":"H175*F175","v":{"v":179,"d":"$179.00"}},{"v":140.5,"d":"$140.500"},{"$f":"J175*F175","v":{"v":281,"d":"$281.00"}},{"v":230,"d":"$230.000"},{"$f":"L175*F175","v":{"v":460,"d":"$460"}}]
[]
["SUB TOTAL",{"$nulls":7},{"$f":"SUM(I11:I175)","v":{"v":78349.50757599997,"d":"$78,349.51"}},null,{"$f":"SUM(K11:K175)","v":{"v":89472.40675021999,"d":"$89,472.41"}},null,null,{"$f":"SUM(N6:N176)","v":{"v":170821.91432621997,"d":"$170,821.91"}}]
["OVERHEAD",null,null,{"v":0.09,"d":"9%"},{"$nulls":9},{"$f":"N177*D178","v":{"v":15373.972289359795,"d":"$15,373.97"}}]
["PROFIT",null,null,{"v":0.08,"d":"8%"},{"$nulls":9},{"$f":"N177*D179","v":{"v":13665.753146097597,"d":"$13,665.75"}}]
["INSURANCE",null,null,{"v":0.05,"d":"5%"},{"$nulls":9},{"$f":"N177*D180","v":{"v":8541.095716310998,"d":"$8,541.10"}}]
["CONTINGENCY",null,null,{"v":0.03,"d":"3%"},{"$nulls":9},{"$f":"N177*D181","v":{"v":5124.657429786599,"d":"$5,124.66"}}]
["TOTAL BID",{"$nulls":12},{"$f":"SUM(N177:N181)","v":{"v":213527.39290777495,"d":"$213,527.39"}}]
["NOTE:"]
[1,"OUR PRICES ARE STANDARD WITH PROJECT ZIP CODE, BUT YOU CAN PUT YOUR OWN."]
[2,"WE'VE TAKEN STANDARD ASSUMPTION WHERE DETAILS WERE INSUFFICIENT"]

{"sheet":"Sheet2","index":3,"n_rows":42,"n_cols":3,"rows_kept":42,"hidden":true}
[null,"DP01 DEMO (E) STAIR AND LANDING, PATCH AND REPAIRE ADJACENT WALL.","DEMOLITION"]
[null,"DP02 DEMO (E) WALL, PATCH AND REPAIR ADJACENT AREA."]
[null,"DP03 DEMO (E) WALL FOR NEW DOOR/ GATE OPENING."]
[null,"DP04 DEMO (E) WALL ABOVE (N) ADA PARKING STALL AREA TO RECEIVE (N) SLAB, PATCH AND REPAIR ADJACENT AREA."]
[null,"DP05 DEMO (E) CHAINLINK FENCE."]
[null,"DP06 DEMO (E) FLOOR SLAB FOR NEW PLUMBING TRENCH AND PIPES,\nPATCH AND REPAIR ADJACENT AREA."]
[null,"DP07 DEMO (E) DOOR, INFILL OPENING, PATCH AND REPAIRE ADJACENT\nWALL."]
[null,"DP08 DEMO (E) FLOOR SLAB."]
[null,"DP09 DEMO (E) ABOVE AND BELOW GRADE STRUCTURE AND FOUNDATION\nON SITE, SEE GENERAL NOTES FOR DETAILS."]
[null,"DP11 REMOVER (E) PARKING STRIP FOR RE-STRIPING."]
[null,"DP22 DEMO (E) PLASTER FENCE WALL AND GATE AT (E) TRANSFORMER."]
[null,"DP23 DEMO (E) TRANSFORER PAD AND FLOOR SLAB; SEE ELEC. AND ST.DWGS."]
[null,"DP24 DEMO (E) WOOD FENCE, TYP."]
[null,"DP25 DEMO (E) EXISTING CURB CUT, GUTTER AND AC PAVER. SEE CIVIL\nDWGS."]
[null,"DP26 (E) CMU WALL TO REMAIN. REMOVE (E) WOOD FENCE (WHERE\nOCCURS) AND PREPARE FOR EXTENSION OF (E) CMU WALL."]
[null,"SP02 REMOVE EXISTING CURB CUT, PATCH AND REPAIR TO MATCH ADJACENT."]
[]
[null,"EL01 CUSTOM DECORATIVE STEEL SCREEN PANELS W/ VARYING DENSITY PATTERN, PAINTED FINISH - COLOR TBD, SEE SHEET A9.4 FOR MORE INFO.","EXTERIOR FINISHES"]
[null,"EL02 WHITE CORRUGATED METAL RAIN SCREEN, KYNAR FINISH,\nPERFORATION/PATTERN TBD, SEE SHEET A9.5 FOR MORE INFO."]
[null,"EL03 VERTICAL STANDING SEAM METAL PANEL SYSTEM RHEINZINK OR\nPAINTED FACTORY FINISH - COLOR TBD"]
[null,"EL04 WINDOW WITH DECORATIVE METAL PANEL W/ FACTORY FINISH,\nCONTRASTING COLOR TBD"]
[null,"EL06 WINDOW SYSTEM W/ FACTORY APPLIED KYNAR FINISH, COLOR T.B.D. SEE SHEET A9.3 FOR MORE INFO."]
[null,"EL07 MECH. LOUVER INTERGRATED WITH (CURTAIN WALL) WINDOW SYSTEM W/ FACTORY APPLIED KYNAR FINISHE, COLOR TO MATCH WINODW FRAME."]
[null,"EL08 CANOPY WITIH METAL CLADDING PANEL WITH FACTORY APPLIED FINISH, COLOR: T.B.D. WITH INTERGRATED LIGHTING FIXTURES."]
[null,"EL09 CONCRETE PARAPET WALL WITH INTERGRATED LIGHTING FIXTURES WHERE OCCURS, SEE ELEC. DRAWING FOR MORE INFO."]
[null,"EL10 GREEN ROOF/ PLANTER, DRAINAGE AND IRRIGATION SYSTEM RAISED OVER WATERPROOFED CAST IN PLACE CONCRETE SLAB"]
[null,"EL15 PAINTED HOLLOW METAL DOOR, COLOR: T.B.D. SEE SHEET A9.1 FOR MORE INFO."]
[null,"EL16 GREEN WALL/PUBLIC ART PROJECT"]
[null,"EL17 CUSTOM DECORATIVE STEEL SCREEN PANELS, PAINTED FINISH - COLOR TBD"]
[null,"EL18 ELEVATOR DOORS STAINLESS STEEL ELEVATOR DOORS AND FRAMES"]
[null,"EL19 CAST IN PLACE CONCRETE STAIRS"]
[null,"EL26 GREEN WALL WITH IRRIGATION SYSTEM AND SUBFRAME SYSTEM"]
[null,"EL27 MECH. LOUVER W/ FACTORY APPLIED KYNAR FINISHE, COLOR: T.B.D.SEE A9.3 & MECH. DRAWING FOR MORE INFO."]
[null,"EL31 OUTDOOR SEATING AREA WITH DECORATIVE METAL RAIL (FINISH: T.B.D.) AND PLANTER."]
[null,"EL32 SOUTH ALLEY CONTROL GATE WITH PANIC HARDWARE AND CLOSER."]
[null,"EL34 ACCESS PANEL."]
[null,"EL35 BACK LIT METAL BUILDING SIGNAGE."]
[]
[null,"EP02 DECORATIVE ALUMINUM SCREEN WALL WITH FACTORY APPLIED FINISH. COLOR: T.B.D. SEE A9.4 FOR PAN EL SCHEDULE","MISC"]
[null,"EP06 COMBINATION PIPE GUARDRAIL WITH 36\" HIGH HANDRAIL. END OF HANDRAIL EXTENSIONRETURN TO GUARD"]
[null,"EP07 GLASS GUARDRAIL"]
[null,"EP09 36\" HIGH PIPE HANDRAIL, WALLMOUNTED"]